000 00530nam a2200205Ia 4500
003 GCL
008 140319s9999 xx 000 0 eng d
040 _aGCL /
_cGCL
082 0 4 _a823
_bA H
100 1 _aARCHER, FEFFREY.
245 1 0 _aHONOR AMONG THIEVES /
_cARCHER, FEFFREY.
260 _aنيويورك :
_bHARPER PAPERBACKS ،
_c1994
300 _a17 CM ؛
_c464 P
650 0 4 _aLITERATURE
650 0 4 _aNOVELS
650 0 4 _aFICTION
650 0 4 _aAMERICAN FICTION
650 0 4 _aAMERICAN LITERATURE
942 _2ddc
_cBK
999 _c13061
_d13061